000 00952cam a22002174a 4500
005 20250605164209.0
008 250528s ||||||||||||||||||||||||d
035 _a20178
020 _a198774257
040 _aGR-AtMCL
_bgre
_dGR-AtMCL
_eAACR2
245 1 _aAn Introduction to Positive Economics / Eighth Edition
250 _a8th
260 _bOxford University Press,
_c1995
300 _a920
520 _aThis book provides fully for the needs of modern students of economics at an introductory level. Scope and Method, The Elementary Theory of Demand and Supply, The Intermediate Theory of Demand, The Intermediate Theory of Supply, The Theory of Distribution, Microeconomic Policy, International Trade, National Income and Output, Money and Banking and Monetary Policy, Macroeconomic Issues, Glossary, Index.
700 1 _aChrystal Alec K
_96227
700 1 _aLipsey Richard G.
_93329
942 _cBK
999 _c5315
_d5315